ANATOMY OF THE HEAD & NECK (Record no. 8702)

MARC details
000 -LEADER
fixed length control field 00293nam a22001457a 4500
003 - CONTROL NUMBER IDENTIFIER
control field SGT
082 ## - DEWEY DECIMAL CLASSIFICATION NUMBER
Classification number 611
Item number A09H
100 ## - MAIN ENTRY--PERSONAL NAME
Personal name HALIM, A
245 ## - TITLE STATEMENT
Title ANATOMY OF THE HEAD & NECK
250 ## - EDITION STATEMENT
Edition statement 2ND
260 ## - PUBLICATION, DISTRIBUTION, ETC. (IMPRINT)
Place of publication, distribution, etc DELHI
Name of publisher, distributor, etc ANE BOOKS
Year of Publication 2009
300 ## - PAGE DESCRIPTION
No. of Pages 216
650 ## - SUBJECT ADDED ENTRY--TOPICAL TERM
Topical term or geographic name as entry element ANATOMY
942 ## - ADDED ENTRY ELEMENTS (KOHA)
Source of classification or shelving scheme Dewey Decimal Classification
Koha item type Books
942 ## - ADDED ENTRY ELEMENTS (KOHA)
-- 1
Holdings
Withdrawn status Lost status Source of classification or shelving scheme Damaged status Not for loan Collection code Home library Current library Shelving location Date acquired Vendor Name Cost, normal purchase price SGTU Bill Number Total Checkouts Full call number Accession No. (Barcode) Date last seen Bill Date Koha item type Date last borrowed
    Dewey Decimal Classification     AYURVEDA SGT FA-FP Library SGT FA-FP Library Text Book 01/04/2016 AHUJA 611.00 SGTU 6599   611 A09H FA4866 01/04/2016 10/02/2016 Books  
    Dewey Decimal Classification     AYURVEDA SGT FA-FP Library SGT FA-FP Library Text Book 01/04/2016 AHUJA 611.00 SGTU 6599   611 A09H FA4867 01/04/2016 10/02/2016 Books  
    Dewey Decimal Classification     AYURVEDA SGT FA-FP Library SGT FA-FP Library Text Book 01/04/2016 AHUJA 611.00 SGTU 6599   611 A09H FA4868 01/04/2016 10/02/2016 Books  
    Dewey Decimal Classification     AYURVEDA SGT FA-FP Library SGT FA-FP Library Text Book 01/04/2016 AHUJA 611.00 SGTU 6599   611 A09H FA4869 01/04/2016 10/02/2016 Books  
    Dewey Decimal Classification     AYURVEDA SGT FA-FP Library SGT FA-FP Library Text Book 01/04/2016 AHUJA 611.00 SGTU 6599 1 611 A09H FA4870 03/12/2021 10/02/2016 Books 02/12/2021